| 000 | 00479nam a2200169 a 4500 | ||
|---|---|---|---|
| 001 | 4398 | ||
| 003 | CDMR | ||
| 005 | 20131025181113.0 | ||
| 008 | 130130s1981||||||||||||||||||||||||||||d | ||
| 020 | _a8434579537 | ||
| 040 |
_aCDMR _bcat _cCPC GIRONA |
||
| 100 | 1 |
_91712 _aBurriel, José María |
|
| 245 | 3 |
_aEl reto de las ondas _b: ochenta años de radiodifusión _cJosé María Burriel |
|
| 260 |
_c1981 _bAula Abierta Salvat _aMadrid |
||
| 490 | 0 |
_aTemas clave _v50 |
|
| 942 |
_cMON _2udc |
||
| 999 |
_c4398 _d4398 |
||